Państwa poniżej 20 milionów mieszkańców - nagła śmierć - Statystyki

Ogólne statystyki
  • Ten quiz został rozwiązany 274 razy
  • Średni wynik to 6 z 15
Answers on the Grid
Answers color-coded by a green-red scale on the quiz's grid according to % correct below.
Szwajcaria
Kanada
Kamerun
Szwecja
Polska
Norwegia
Peru
Australia
Togo
Sri Lanka
Libia
Ukraina
Bułgaria
Hiszpania
Serbia
Tajwan
Maroko
Singapur
Urugwaj
Gabon
Uzbekistan
Tadżykistan
Boliwia
Malezja
Portugalia
Szkocja
Syria
Irlandia
 
Statystyki odpowiedzi
Odpowiedź % Poprawnych
Szwajcaria
77%
Szwecja
58%
Norwegia
53%
Irlandia
52%
Bułgaria
51%
Szkocja
47%
Portugalia
44%
Serbia
42%
Urugwaj
38%
Togo
37%
Singapur
33%
Gabon
27%
Libia
26%
Tadżykistan
22%
Boliwia
14%
Nie znaleziono quizów pasujących do podanych kryteriów
Rozkład punktacji
Procent ludzi z każdym wynikiem
Percentyl według liczby udzielonych odpowiedzi
Twoja historia wyników
Nie rozwiązałeś tego quizu